New advice for employers on involving workers in health and safety management (Record no. 76573)

MARC details
000 -LEADER
fixed length control field 01035cab a2200193 4500
001 - CONTROL NUMBER
control field ##L132705
008 - FIXED-LENGTH DATA ELEMENTS--GENERAL INFORMATION
fixed length control field 060301n2006 000 0 eng u
035 ## - SYSTEM CONTROL NUMBER
System control number (Sirsi) u132705
041 0# - LANGUAGE CODE
Language code of text/sound track or separate title eng
110 1# - MAIN ENTRY--CORPORATE NAME
Corporate name or jurisdiction name as entry element Great Britain
Subordinate unit Health and Safety Executive
245 00 - TITLE STATEMENT
Title New advice for employers on involving workers in health and safety management
260 ## - PUBLICATION, DISTRIBUTION, ETC.
Date of publication, distribution, etc. 2006
490 #0 - SERIES STATEMENT
Series statement (Health and Safety Executive Press Release
Volume/sequential designation E22:06 28 February 2006)
520 ## - SUMMARY, ETC.
Summary, etc. The Health and Safety Executive (HSE) has launched a package of new tools and resources designed to help employers involve their workforces in health and safety management. The package includes a number of case studies illustrating the range of organisations that have successfully involved workers in the management of health and safety issues.
590 ## - LOCAL NOTE (RLIN)
Local note IKA140306
690 ## - LOCAL SUBJECT ADDED ENTRY--TOPICAL TERM (OCLC, RLIN)
Topical term or geographic name as entry element MANAGEMENT-HEALTH AND SAFETY-HEALTH AND SAFETY RISK MANAGEMENT
856 41 - ELECTRONIC LOCATION AND ACCESS
Uniform Resource Identifier <a href="https://www.hse.gov.uk/press/2006/e06022.htm">https://www.hse.gov.uk/press/2006/e06022.htm</a>
Public note View the item free of charge at www.hse.gov.uk
942 ## - ADDED ENTRY ELEMENTS (KOHA)
Suppress in OPAC 0
Holdings
Withdrawn status Lost status Source of classification or shelving scheme Damaged status Not for loan Home library Current library Shelving location Date acquired Total Checkouts Full call number Barcode Date last seen Copy number Price effective from Koha item type
    Dewey Decimal Classification     Virtual Virtual Online 01/03/2006   ONLINE PUBLICATION 132705-1001 06/08/2019 1 06/08/2019 Journal article